Statistics for Technology Giants #5 - Microsoft

Click here to take the quiz!

General Stats

  • This quiz has been taken 5,112 times
  • The average score is 11 of 16

Answer Stats

Question Answer % Correct
What is the name of Microsoft's spreadsheet program?Excel
94%
Who are the co-founders of Microsoft?Bill Gates
93%
What video game console does Microsoft make?XBox
90%
What Microsoft program do people use to make slides for a presentation?PowerPoint
89%
What internet video calling service did Microsoft buy in 2011?Skype
85%
What Microsoft program do many corporations use to manage their e-mail?Outlook
81%
What is the name of Microsoft's search engine?Bing
79%
What awful Microsoft web browser had a 95% market share in 2003?Internet Explorer
78%
What version of Windows was released in 2001?Windows {XP}
74%
What job networking site did Microsoft buy for $26.2 billion in 2016?LinkedIn
69%
What much-hated version of Windows was released in 2007?Windows {Vista}
68%
What button, appearing on the lower-left corner of the screen, was introduced in Windows 95?{Start} Button
66%
In what metro area would you find Microsoft's headquarters?Seattle
64%
What company dominated the computer software market in the 1980s before
being out-competed by Microsoft?
IBM
56%
What iPod knockoff was made by Microsoft?Zune
34%
Who are the co-founders of Microsoft?Paul Allen
30%

Score Distribution

Percentile by Number Answered

Percent of People with Each Score

Your Score History

You have not taken this quiz